00541nam a22001577a 450000500170000002000230001703500130004003700130005310000300006624500560009626000400015230000240019294200270021699900170024395201230026020120608110042.0 a8174872736c320.00 aB-130146 aDPLbENG aChakraborty, Tapan948688 aCommunity policing in Delhi /cby Tapan Chakraborty aNew DelhibRadha Publicationsc2003 avii, 130p.c20 cms. 2ddccENh363.3209mCHA c67681d67681 001040708NFICaZLSbZLSd2012-06-08g320.00l0o363.3209 CHApB-130146r2012-06-08 00:00:00v320.00w2012-06-08yEN